Luchino Visconti e il suo tempo /
Salvato in:
| Ente Autore: | |
|---|---|
| Altri autori: | |
| Natura: | Libro |
| Lingua: | italiano |
| Pubblicazione: |
Milano :
Electa,
[2006]
|
| Soggetti: | |
| Tags: |
Nessun Tag, puoi essere il primo ad aggiungerne!!
|
MARC
| LEADER | 00000nam a2200000 i 4500 | ||
|---|---|---|---|
| 001 | IT\ICCU\IEI\0252765 | ||
| 003 | ItRI | ||
| 005 | 20260115231907.0 | ||
| 008 | 061018s2006 it |||||| ||||| |||||c | ||
| 015 | |2 IT |a 2007-6613 | ||
| 020 | |a 8837048084 | ||
| 040 | |b ita |c importazione bologna sebina | ||
| 041 | 7 | |a ita |2 ISO-639-2 | |
| 082 | |a 791.430233092 |9 CINEMA. REGIA. PERSONE COLLEGATE CON IL SOGGETTO |2 19 | ||
| 245 | 0 | 0 | |a Luchino Visconti e il suo tempo / |c a cura di Caterina d'Amico de Carvalho. |
| 260 | |a Milano : |b Electa, |c [2006] | ||
| 300 | |a 254 p. : |b ill. ; |c 26 cm | ||
| 500 | |a Catalogo della Mostra tenuta a Roma nel 2006 | ||
| 500 | |a In testa al front.: Cinema: festa internazionale di Roma. | ||
| 650 | 7 | |a Visconti, Luchino |x Cataloghi di esposizioni | |
| 700 | 1 | |a D'Amico, Caterina, |d (1948- ) |0 IT\ICCU\CFIV\065668 | |
| 710 | 2 | |a Cinema: festa internazionale di Roma |0 IT\ICCU\CFIV\242017 | |
| 790 | 1 | |a Carvalho D'Amico, Caterina : de |3 IT\ICCU\TSAV\347323 |z D'Amico, Caterina (1948- ) | |
| 790 | 1 | |a D'Amico de Carvalho, Caterina |3 IT\ICCU\MILV\157684 |z D'Amico, Caterina (1948- ) | |
| 942 | |2 ddc |c BK |n 0 | ||
| 952 | |0 0 |1 0 |4 0 |6 DOC_791_430000000000000_DAM |7 0 |9 15648 |a BO |b BO |d 2026-01-15 |i 18846 |l 0 |o DOC 791.430 DAM |p BO18846 |r 2026-01-15 23:19:07 |w 2026-01-15 |x [Sebina 5] [1 v.] |y BK |z 1 v. | ||
| 999 | |c 13460 |d 13460 | ||